|
|
|
|
| LEADER |
00000naa2a2200000 4500 |
| 001 |
214318 |
| 005 |
20260116165537.0 |
| 035 |
|
|
|a (RuTPU)RU\TPU\book\234180
|
| 035 |
|
|
|a RU\TPU\book\234105
|
| 090 |
|
|
|a 214318
|
| 100 |
|
|
|a 20120423d2011 k y0rusy50 ca
|
| 101 |
0 |
|
|a rus
|
| 102 |
|
|
|a RU
|
| 135 |
|
|
|a drnn ---uucaa
|
| 181 |
|
0 |
|a i
|
| 182 |
|
0 |
|a b
|
| 200 |
1 |
|
|a Отражение этнокультурного своеобразия во фразеологический оборотах русского и китайского языка (фразеологизмы с компонентом "вода")
|f Цзян Ин
|g науч. рук. Т. В. Назарова
|
| 203 |
|
|
|a Текст
|c электронный
|
| 215 |
|
|
|a 1 файл (668 Кб)
|
| 300 |
|
|
|a Заглавие с экрана.
|
| 300 |
|
|
|a Электронная версия печатной публикации
|
| 337 |
|
|
|a Adobe Reader
|
| 463 |
|
1 |
|0 (RuTPU)RU\TPU\book\227679
|t Научная инициатива иностранных студентов и аспирантов российских вузов
|o сборник докладов IV Всероссийской научно-практической конференции, Томск, 19-21 мая 2011 г.
|f Ассоциация иностранных студентов в России (АИС) ; Национальный исследовательский Томский политехнический университет (ТПУ), Институт международного образования и языковой коммуникации (ИМОЯК)
|v [С. 599-604]
|d 2011
|
| 610 |
1 |
|
|a русский язык
|
| 610 |
1 |
|
|a китайский язык
|
| 610 |
1 |
|
|a фразеологические средства
|
| 610 |
1 |
|
|a национальные особенности
|
| 610 |
1 |
|
|a фразеологизмы
|
| 610 |
1 |
|
|a слова
|
| 610 |
1 |
|
|a вода
|
| 610 |
1 |
|
|a электронный ресурс
|
| 700 |
|
0 |
|a Цзян Ин
|
| 702 |
|
1 |
|a Назарова
|b Т. В.
|4 727
|
| 801 |
|
1 |
|a RU
|b 63413507
|c 20120301
|
| 801 |
|
2 |
|a RU
|b 63413507
|c 20130131
|g RCR
|
| 856 |
4 |
|
|u http://www.lib.tpu.ru/fulltext/v/Conferences/2011/K04/114182.pdf
|
| 942 |
|
|
|c CF
|